00389nam a2200169Ia 4500008004100000041000800041082001200049100001600061245004800077250000600125260003100131300000800162365000700170500001500177520001200192650001500204230512s9999 xx 000 0 und d aeng a330.954 aCHOUDHARI P aTHE INDIAN ECONOMY :POVERTY AND DEVELOPMENT a1 bVIKAS PUB. HOUSE NEW DELHI a279 b41 aPaper Back aGeneral aManagement